Progress in solid mechanics.

Guardado en:
Otros Autores: Sneddon, Ian Naismith., Hill, Rodney, 1921-
Formato: Seriadas
Idioma:English
Publicado: Amsterdam [Netherlands] : New York : North-Holland Pub. Co. ; Interscience Publishers, 1960-1963.
Series:Series in physics
Materias:
Etiquetas: Agregar Etiqueta
Sin Etiquetas, Sea el primero en etiquetar este registro!
LEADER 01107cas a2200301 a 4500
001 MAT.inmabb005590
008 750907d19601963ne##x#####b###0####0eng#d
005 20170823161752.0
245 0 0 |a Progress in solid mechanics. 
260 |a Amsterdam [Netherlands] :  |b North-Holland Pub. Co. ;  |a New York :  |b Interscience Publishers,  |c 1960-1963. 
300 |a 4 v. :  |b il. ;  |c 23 cm. 
310 |a Irregular 
362 0 |a Vol. 1-4. 
440 0 |a Series in physics 
500 |a Vol. 3 has also a distinctive title: Dynamical problems in elasticity. 
500 |a Editors: 1960- I.N. Sneddon and R. Hill. 
504 |a Incluye referencias bibliográficas. 
510 4 |a MR,  |c 28 #2669 
700 1 |a Sneddon, Ian Naismith. 
700 1 |a Hill, Rodney,  |d 1921- 
246 1 2 |a Dynamical problems in elasticity  |f v. 3 
650 0 |a Mechanics  |v Periodicals. 
650 0 |a Solids  |v Periodicals. 
650 0 |a Elasticity  |v Periodicals. 
084 |a 73.00  |2 MR 
010 |a  60002635   |z sn 87030138  
040 |a MnMULS  |c MnMULS  |d PPiU  |d OCoLC  |d N  |d NST  |d InU  |d DLC  |d OCoLC  |d OCoLC 
859 |h 74  |i P964  |p A-2786  |v 4  |3 Vol. IV  |b BIB. MATEMATICA